000 00642nam a2200229 a 4500
001 BRCA_6314
005 20190320205417.0
008 080811s1956----fr-ao#####---#000-0#fre-#
041 _afre
044 _afr
050 4 _aDC801
_b.F67 T47
_c1956
100 1 _aTerrase, Charles
_912893
245 1 0 _aFontainebleau
_cCharles Terrase.
260 _aParís
_bAlpina
_cc1956
300 _a62 p.
_bil., fotografías
_c18 cm.
500 _aIncluye lista de fotografías
500 _aK171
651 4 _aFontainebleau, Francia
_xDescripción y viajes
_915841
651 4 _aFrancia
_xDescripción y viajes
_912896
902 _aGFM
942 _2lcc
_cB
999 _c6000
_d6000